000 04433namaa22004451i 4500
003 EG-GICUC
005 20260419215253.0
008 260419s2025 ua a|||frm||| 000 0 eng d
040 _aEG-GICUC
_beng
_cEG-GICUC
_dEG-GICUC
_erda
041 0 _aeng
_beng
_bara
049 _aDeposit
082 0 4 _a662.87
092 _a662.87
_221
097 _aPh.D
099 _aCai01.13.04.Ph.D.2024.Am.A
100 0 _aAmany Gamal Badwey Abo Mousa,
_epreparation.
245 1 0 _aAgricultural waste to environmental solution :
_bwhite bean straw as a promising biosorbent for cationic and anionic dye removal /
_cby Amany Gamal Badwey Abo Mousa ; Supervisors Prof. Dr. Mai Mohamed Kamal Eldin, Prof. Dr. Mamdouh Ayad Gadalla, Prof. Dr. Rehab Motasiem Nasr Ali El-Maghraby.
246 1 5 _aالنفايات الزراعية كحل بيئي :
_b قش الفاصوليا البيضاء كمواد ماصة واعدة لإزالة الأصباغ الكاتيونية والأنيونية
264 0 _c2025.
300 _a156 pages :
_billustrations ;
_c30 cm. +
_eCD.
336 _atext
_2rda content
337 _aUnmediated
_2rdamedia
338 _avolume
_2rdacarrier
502 _aThesis (Ph.D)-Cairo University, 2025.
504 _aBibliography: pages 131-156.
520 3 _aIn the current thesis, white bean straw (WBS), an underutilized agricultural residue, is investigated as a low-cost biosorbent for the removal of with various classes of dyes, including Malachite Green (MG), a cationic dye; Alizarin Red S (ARS), an anionic dye; and Methyl Red (MR), an anionic azo dye. from aqueous solutions. To enhance its adsorption capacity for ARS, WBS was modified by loading it with aluminum oxide nanoparticles (Al₂O₃-NPs) synthesized from recycled aluminum beverage cans. This green synthesis approach not only adds value to agricultural and urban waste but also contributes to circular economy strategies by promoting waste-to-resource conversion. The adsorption performance of the biosorbent was evaluated through batch experiments under different conditions. This was addressed by determining the effects of temperature, pH, adsorbent dose, contact time, particle size, and dye concentration on the adsorption efficiency
520 3 _aتتناول الدراسة استخدام قش الفاصوليا البيضاء (WBS)، وهو نفايات زراعية منخفضة التكلفة، كممتز حيوي لإزالة الأصباغ الكاتيونية والأنيونية من المياه الملوثة. أظهر WBS الخام كفاءة عالية في إزالة الأصباغ، حيث بلغت 98.2% للمالاكيت جرين و95.7% للميثيل رد و61.2% للأليزارين ريد S، مع توافق النتائج مع نموذج فروندليش ومعادلة الحركية شبه الثانية. تم تعزيز الكفاءة بتحميل نانو أكسيد الألومنيوم (Al₂O₃) على القش، مما رفع إزالة الأليزارين ريد إلى 80.12%. في نظام العمود الثابت، بلغت السعة القصوى 28.96 ملغم/غم للمالاكيت جرين، مع توصيف جيد لمنحنيات الاختراق باستخدام نماذج Adams-Bohart وThomas وYoon-Nelson. التحليل الاقتصادي أظهر أن تكلفة معالجة المتر المكعب من المياه باستخدام WBS بلغت 1.12 دولار فقط، أي أقل بنسبة 69% من الكربون المنشط التجاري، مما يؤكد جدواه الاقتصادية واستدامته.
530 _aIssues also as CD.
546 _aText in English and abstract in Arabic & English.
650 0 _aAgricultural Waste
650 0 _aالنفايات الزراعية
653 0 _aWhite bean straw
_abiosorbents
_aaluminum cans
_aharmful synthetic dyes
_aadsorption
_aالامتزاز الحيوي
_aقش الفاصوليا البيضاء
700 0 _aMai Mohamed Kamal Eldin
_ethesis advisor.
700 0 _aMamdouh Ayad Gadalla
_ethesis advisor.
700 0 _aRehab Motasiem Nasr Ali El-Maghraby
_ethesis advisor.
900 _b01-01-2025
_cMai Mohamed Kamal Eldin
_cMamdouh Ayad Gadalla
_cRehab Motasiem Nasr Ali El-Maghraby
_UCairo University
_FFaculty of Engineering
_DDepartment of Chemical Engineering
905 _aShimaa
942 _2ddc
_cTH
_e21
_n0
999 _c179592